Central Library || Chittagong University

উদ্ভিদ ও স্বাস্থ্য/ (Record no. 112970)

MARC details
000 -LEADER
fixed length control field 00871nam a2200229 a 4500
001 - CONTROL NUMBER
control field 093762
003 - CONTROL NUMBER IDENTIFIER
control field BD-ChCU
005 - DATE AND TIME OF LATEST TRANSACTION
control field 20260514101114.0
008 - FIXED-LENGTH DATA ELEMENTS--GENERAL INFORMATION
fixed length control field 260514016 abg b 002 ben
020 ## - INTERNATIONAL STANDARD BOOK NUMBER
International Standard Book Number 9789846700045
040 ## - CATALOGING SOURCE
Original cataloging agency DLC
Transcribing agency DLC
Modifying agency BD-ChCU
082 00 - DEWEY DECIMAL CLASSIFICATION NUMBER
Classification number ৬১৫.৩২১/বিল্লা৮ ‍উ
100 ## - MAIN ENTRY--PERSONAL NAME
Personal name বিল্লাহ, মাসুম ।
Titles and words associated with a name
9 (RLIN) 22985
245 00 - TITLE STATEMENT
Title উদ্ভিদ ও স্বাস্থ্য/
Statement of responsibility, etc. মাসুম বিল্লাহ
246 00 - VARYING FORM OF TITLE
Title proper/short title Shikha abong shikhok :
260 ## - PUBLICATION, DISTRIBUTION, ETC.
Place of publication, distribution, etc. চট্টগ্রাম:
Date of publication, distribution, etc. অক্ষরবৃত্ত,
-- ২০২৬
300 ## - PHYSICAL DESCRIPTION
Extent ৬৪পৃ:
504 ## - BIBLIOGRAPHY, ETC. NOTE
Bibliography, etc. note Includes index and bibliograpy.
650 #0 - SUBJECT ADDED ENTRY--TOPICAL TERM
Topical term or geographic name entry element উদ্ভিদ ও স্বাস্থ্য
9 (RLIN) 22977
650 #0 - SUBJECT ADDED ENTRY--TOPICAL TERM
Topical term or geographic name entry element উদ্ভিদ ও স্বাস্থ্য
9 (RLIN) 22989
942 ## - ADDED ENTRY ELEMENTS (KOHA)
Source of classification or shelving scheme Dewey Decimal Classification
Koha item type Books
Holdings
Withdrawn status Lost status Source of classification or shelving scheme Damaged status Not for loan Home library Current library Shelving location Date acquired Total Checkouts Full call number Barcode Date last seen Copy number Price effective from Koha item type
    Dewey Decimal Classification     Chittagong University Library Chittagong University Library Science Reading Room 05/14/2026   ৬১৫.৩২১/বিল্লা৮ ‍উ 345671 05/14/2026 ক-১ 05/14/2026 Books
    Dewey Decimal Classification     Chittagong University Library Chittagong University Library Science Reading Room 05/14/2026   ৬১৫.৩২১/বিল্লা৮ ‍উ 345672 05/14/2026 ক-২ 05/14/2026 Books
© Copyright 2026. Chittagong University Library, Installation and Maintenance by Prof. Dr. Md. Alamgir, 01711306253